Guess the Fusion Rock Song Lyrics #111 - Statistics

General Stats
  • This quiz has been taken 17 times
  • The average score is 108 of 156
Answer Stats
Answer % Correct
and
100%
I
100%
in
100%
you
100%
it
94%
the
94%
The
94%
for
88%
just
88%
know
88%
on
88%
so
88%
would
88%
are
81%
be
81%
can't
81%
like
81%
when
81%
But
75%
last
75%
long
75%
of
75%
see
75%
Will
75%
will
75%
with
75%
With
75%
about
69%
nights
69%
Nights
69%
up
69%
without
69%
didn't
63%
forever
63%
Waiting
63%
stop
56%
sun
56%
Thinking
56%
thinking
56%
again
50%
bed
50%
coming
50%
Here
50%
Lying
44%
rain
44%
soon
44%
wondering
44%
alone
38%
music
38%
strong
38%
low
31%
moon
31%
sky
31%
wind
31%
bout
25%
dance
25%
radio
25%
sleep
25%
still
25%
falls
19%
Soft
19%
spent
19%
summer
19%
Curtains
13%
England Dan & John Ford Coley
13%
moans
13%
Moonlight
13%
No matching quizzes found
Score Distribution
Percent of People with Each Score
Percentile by Number Answered
Your Score History
You have not taken this quiz